| 000 | 03584nam a2200445 i 4500 | ||
|---|---|---|---|
| 005 | 20250711223135.0 | ||
| 007 | ta | ||
| 008 | 240903t20242024ck fr 001 0dspa d | ||
| 020 | _a9786287596375 | ||
| 020 | _a6287596376 | ||
| 040 |
_aCO-CtgCURN _bspa _ccoctgcurn |
||
| 041 |
_aspa _heng |
||
| 043 | _an-us--- | ||
| 082 | 0 | 4 |
_a305.42 _bB985 _223 |
| 100 | 1 |
_aButler, Judith, _d1956- _eautor. |
|
| 245 | 1 | 2 |
_a¿ Quién teme al género? / _cJudith Butler ; traducción de Alicia Martorell. |
| 250 | _aPrimera edición (Colombia). | ||
| 264 | 1 |
_aBogotá : _bEditorial Planeta Colombiana, _bPaidós, _c2024 |
|
| 264 | 4 | _a2024 | |
| 300 |
_a374 páginas ; _c23 cm. |
||
| 336 |
_atexto _btxt _2rdacontent |
||
| 337 |
_asin mediación _bn _2rdamedia |
||
| 338 |
_avolumen _bnc _2rdacarrier |
||
| 490 | 1 | _aBiblioteca Judith Butler | |
| 500 | _aIncluye datos biográficos del autor en la solapa posterior del libro. | ||
| 500 | _aIncluye índice onomástico y de materias. | ||
| 500 | _aDe la autora de El género en disputa -- Cubierta. | ||
| 505 | 0 | _aIntroducción -- Ideología de género y miedo a la destrucción -- 1. La situación en el mundo ; 2. El punto de vista del Vaticano ; 3. Ataques actuales contra el género en Estados Unidos ; 4. Trump, el sexo y el Tribunal Supremo ; 5. Feminismo transexcluyente y cuestiones de sexo en el Reino Unido 6. ℗ Qué pasa con el sexo? ; 7. ℗ De qué género eres? ; 8. Naturaleza y cultura: hacia la construcción conjunta ; 9. Legados raciales y coloniales del dimorfismo de género ; 10. Otros idiomas, o los desajustes de la traducción ; Conclusión: Miedo a la destrucción, lucha por imaginar. | |
| 520 | 3 |
_aEn todo el mundo se han fundado movimientos de ideología antigénero dedicados a hacer circular la fantasía de que el género es una amenaza peligrosa para las familias, las culturas locales, la civilización, e incluso para el propio ℗±hombre℗ . Inflamados por la retórica de figuras públicas y operando en tándem con los engañosos relatos de la teoría crítica de la raza y el pánico xenófobo a la migración, estos movimientos han intentado derogar la justicia reproductiva, socavar las protecciones contra la violencia y despojar de sus derechos a las personas trans y queer demonizando las luchas por la igualdad y dejando a millones de personas vulnerables a la subyugación. Pero ℗ qué es exactamente lo que perturba tanto del género? En ℗ Quién teme al género?, un libro tan vital como valiente, Judith Butler, cuyo pionero trabajo ha redefinido la forma en que pensamos sobre el género y la sexualidad, se enfrenta a los ataques contra el género que predominan en los movimientos de derecha actuales, examina cómo este se ha convertido en un fantasma para los regímenes autoritarios emergentes, las formaciones fascistas y las feministas transexclusivas, y expone cómo funciona este fantasma.-- Solapa _ceditor. |
|
| 534 |
_pTítulo original _tWho℗þs afraid of gender? |
||
| 650 | 1 | 7 |
_aIdeología de género _xAspectos sociales _xDiferencias. _2Tesauro de género |
| 650 | 1 | 7 |
_aViolencia de género. _2Tesauro de género |
| 650 | 1 | 7 |
_aComunidad LGBTI _xCondiciones sociales _xInvestigaciones. _2LEMB |
| 650 | 1 | 7 |
_aDiscriminacion sexual _xSituación legal. _2LEMB |
| 650 | 1 | 7 |
_aFeminismo _xRelaciones con los gobiernos _xHistoria-cronología. _2LEMB |
| 650 | 1 | 7 |
_aDerechos humanos _xLegislación internacional _vInformes. _2LEMB |
| 700 | 1 |
_aMartorell Linares, Alicia, _etraductor. |
|
| 830 | 0 | _aBiblioteca Judith Butler (Editorial Paidós) | |
| 999 |
_c49126 _d49126 |
||